000 00884nam a2200289 a 4500
003 AR-BaBNM
005 20251128202727.0
008 082120s2002 ||||||||||||||000 | spa||
020 _a0-9881307-0-6
040 _cAR-BaBNM
100 1 _aGarcía-Godoy, Cristián
245 0 0 _aTomás Godoy Cruz
_bsu tiempo, su vida, su drama : ensayo crítico
260 _aWashington, D.C.
_bFull Life
_bVida Plena
_c1991
300 _a811 p.
_bil.
500 _aIndices onomástico y temático: p. 751-810
500 _aLibro autografiado
504 _aBibliografía principal: p. 739-750
650 4 _aHISTORIA ARGENTINA
650 4 _aCONGRESO DE TUCUMAN
650 4 _aEJERCITO DE LOS ANDES
650 4 _aGUERRAS DE LA INDEPENDENCIA
650 4 _aHISTORIA MENDOCINA
650 4 _aBIOGRAFIAS
700 1 _aRuíz Moreno, Isidoro Jorge
_eprologuista
942 _cBK
998 _cEnrique
999 _c280
_d280